Boletín de las leyes i decretos del gobierno: 1924

محفوظ في:
التفاصيل البيبلوغرافية
التنسيق: كتاب
اللغة:الإسبانية
منشور في: Santiago Penitenciaría 1924
الموضوعات:
الوسوم: إضافة وسم
لا توجد وسوم, كن أول من يضع وسما على هذه التسجيلة!

MARC

LEADER 00000nam a2200000 a 4500
001 UCR1537
003 CL-VaPUC
008 971219e19240000CL |||||||||||||||||spa|d
082 0 4 |a 348.022  |b BOL  |2 21 
245 1 0 |a Boletín de las leyes i decretos del gobierno: 1924 
300 |a 3 v 
942 |c BK 
945 |d 19971219 00:00:00  |a lriquelm 
260 |a Santiago  |b Penitenciaría  |c 1924 
650 7 |a LEGISLACION  |2 CL-VaPUC  |9 398746 
650 7 |a DERECHO CHILENO  |2 CL-VaPUC  |9 398747 
650 0 |a Leyes  |9 256670 
650 7 |a FUENTES  |2 CL-VaPUC  |9 255666 
651 7 |a CHILE  |2 CL-VaPUC  |9 398748 
583 |a last modification  |c 19971219 00:00:00  |k Rodrigo Vera 
999 |c 264938  |d 264936 
952 |0 0  |1 0  |4 0  |6 348_022000000000000_BOL_1924  |7 0  |8 X  |9 295619  |a BIBDER  |b BIBDER  |d 2019-11-20  |h v.93 p.1  |i 192611K  |o 348.022 BOL 1924  |p 192611K  |r 2023-01-25  |w 2019-11-20  |y BK_X  |k DER 
952 |0 0  |1 0  |4 0  |6 348_022000000000000_BOL_1924  |7 0  |8 X  |9 295620  |a BIBDER  |b BIBDER  |d 2019-11-20  |h v.93 p.2  |i 1926160  |o 348.022 BOL 1924  |p 1926160  |r 2023-01-25  |w 2019-11-20  |y BK_X  |k DER 
952 |0 0  |1 0  |4 0  |6 348_022000000000000_BOL_1924  |7 0  |8 X  |9 295621  |a BIBDER  |b BIBDER  |d 2019-11-20  |h v.93 p.3  |i 1926527  |o 348.022 BOL 1924  |p 1926527  |r 2023-01-25  |w 2019-11-20  |y BK_X  |k DER 
952 |0 0  |1 0  |4 0  |6 348_022000000000000_BOL_1924  |7 0  |8 X  |9 295622  |a BIBHIS  |b BIBHIS  |d 2019-11-20  |h v.93 p.1  |i 2842734  |o 348.022 BOL 1924  |p 2842734  |r 2024-01-30  |w 2019-11-20  |y BK_X  |k HIS 
952 |0 0  |1 0  |4 0  |6 348_022000000000000_BOL_1924  |7 0  |8 X  |9 295623  |a BIBHIS  |b BIBHIS  |d 2019-11-20  |h v.93 p.2  |i 2842742  |o 348.022 BOL 1924  |p 2842742  |r 2024-01-30  |w 2019-11-20  |y BK_X  |k HIS 
952 |0 0  |1 0  |4 0  |6 348_022000000000000_BOL_1924  |7 0  |8 X  |9 295624  |a BIBHIS  |b BIBHIS  |d 2019-11-20  |h v.93 p.3  |i 2842750  |o 348.022 BOL 1924  |p 2842750  |r 2024-01-30  |w 2019-11-20  |y BK_X  |k HIS